Les journaux régionaux quotidiens en France - Statistiques

Statistiques générales
  • Ce quiz a été pris 82 fois
  • Le résultat moyen est 12 sur 56
Statistiques - réponses
Année
de création
Siège à Titre % Correct
1899 Rennes Ouest-France
83%
1944 Paris Le Parisien
64%
1997 Marseille La Provence
56%
1941 Lille La Voix du Nord
56%
1945 Grenoble Le Dauphiné libéré
56%
1945 Nice Nice-Matin
53%
1859 Lyon Le Progrès
43%
1889 Nancy L'Est républicain
41%
1944 Montpellier Midi libre
40%
1970 Toulon Var-Matin
40%
1919 Clermont-Ferrand La Montagne
37%
1944 Bordeaux Sud Ouest
37%
1944 Ajaccio Corse-Matin
36%
1869 Marseille La Marseillaise
31%
1944 Morlaix Le Télégramme
31%
1919 Metz Le Républicain lorrain
27%
1877 Strasbourg Les Dernières Nouvelles d'Alsace
27%
1944 Mulhouse L'Alsace
25%
1944 Amiens Le Courrier picard
24%
1945 Nantes Presse-Océan
23%
1870 Toulouse La Dépêche du Midi
21%
1868 Dijon Le Bien public
21%
1944 Rouen Paris-Normandie
21%
1875 Angers Le Courrier de l'Ouest
20%
1944 Le Mans Le Maine libre
19%
1846 Perpignan L'Indépendant
19%
1944 Roubaix Nord-Eclair
19%
1943 Reims L'Union
17%
2009 Epinal Vosges Matin
17%
1944 Angoulême Charente libre
16%
1944 Orléans La République du Centre
16%
1944 Bourges Le Berry républicain
16%
1944 Auxerre L'Yonne républicaine
16%
1944 Pau La République des Pyrénées
13%
1989 Chalon-sur-Saône Le Journal de Saône-et-Loire
13%
1943 Charleville-Mézières L'Ardennais
12%
1922 Chartres L'Echo républicain
11%
1944 Nevers Le Journal du Centre
11%
1905 Limoges Le Populaire du Centre
11%
1953 Rodez Centre Presse
9%
1958 Poitiers Centre Presse
9%
1876 Périgueux Dordogne libre
9%
1945 Troyes L'Est-Eclair
8%
1944 Tours La Nouvelle République du Centre-Ouest
7%
1944 Calais Nord-Littoral
7%
1944 Cherbourg La Presse de la Manche
5%
1945 Le Havre Le Havre libre
5%
1914 Agen Le Petit Bleu d'Agen
5%
1944 Pau La Nouvelle République des Pyrénées
4%
1948 Le Havre Le Havre Presse
4%
1944 Chaumont Le Journal de la Haute-Marne
4%
1944 Le Puy-en-Velay L'Eveil de la Haute-Loire
3%
1943 Limoges L'Echo du Centre
1%
1945 Troyes Libération Champagne
1%
1944 Pau Eclair Pyrénées
0%
1943 Marseille L'Hérault du jour
0%
Aucun quiz correspondant
Distribution des résultats
% des personnes avec chaque résultat
Percentile par nombre de réponses
Votre historique - résultats
Vous n’avez pas pris ce quiz